Értekezlet a hadikölcsön ügyében

Referát z porady, ktorá sa konala 8.12.1917 v Rožňave ohľadom 7. vojenskej pôžičky. S príhovorom vystúpili: Ľudovít (Lajos) Balás sipeki, Július (Gyula) Terray, Štefan (István) Dittel.

Podrobná bibliografia
Médium: Článok
Jazyk:Hungarian
Témy:
Zdroj: 1. Sajó-Vidék : Vegyestartalmú hetilap 1. Roč. 20, č. 50 (13.12.1917) s. 4
LEADER 01141nab#a2200301#ar4500
001 000066813
003 SVKKK
005 19971216xxxxxxx.
008 06 c xo huno
FMT
038 |a SVKKK 
040 |a SVKKK  |b slo  |e AACR2 
041 0 |a hun 
044 |a xo  |c SK 
080 |a 336.3:355/359 
242 1 0 |a Porada ohľadom vojenskej pôžičky 
245 0 0 |a Értekezlet a hadikölcsön ügyében 
520 2 |a Referát z porady, ktorá sa konala 8.12.1917 v Rožňave ohľadom 7. vojenskej pôžičky. S príhovorom vystúpili: Ľudovít (Lajos) Balás sipeki, Július (Gyula) Terray, Štefan (István) Dittel. 
650 0 4 |a pôžička vojenská (7.) - prerokovanie mestské - Rožňava - 8.12.1917 - Balás, Ľudovít sipeki (biskup diecézny) - Pósch, Jozef (mešťanosta) - Terray, Július (senior gemerský) - Dittel, Štefan (opát-kanonik) - diskutujúci - referát 
773 0 |t Sajó-Vidék : Vegyestartalmú hetilap  |g Roč. 20, č. 50 (13.12.1917) s. 4 
957 |a Rožňava 
958 |a CI 
958 |a DG 
958 |a SK 
974 |a ebl  |d 19971216 
992 |a RBX 
BAS
998 |a RETRO